Normal view
MARC view
- Becoming
Entry Topical Term
001 - CONTROL NUMBER
- control field: 104272
003 - CONTROL NUMBER IDENTIFIER
- control field: NUST
005 - DATE AND TIME OF LATEST TRANSACTION
- control field: 20221206135041.0
008 - FIXED-LENGTH DATA ELEMENTS
- fixed length control field: 221206|| aca||aabn | a|a d
040 ## - CATALOGING SOURCE
- Original cataloging agency: NUST
- Transcribing agency: NUST
150 ## - HEADING--TOPICAL TERM
- Topical term or geographic name entry element: Becoming
670 ## - SOURCE DATA FOUND
- Source citation: Work cat.: (NUST)177008: Bashir,Muhammad 26319, Being & Becoming /, 2006
